[Event "Vlissingen HZ op 15th"]
[Site "Vlissingen"]
[Date "2011.08.04"]
[Round "7"]
[White "Peeters, Bart"]
[Black "Laarhoven, Thijs"]
[Result "0-1"]
[WhiteElo "1908"]
[BlackElo "2228"]
[PlyCount "72"]
[EventDate "2011.07.30"]
[EventType "swiss"]
[EventRounds "9"]
[EventCountry "NED"]
[SourceTitle "CBM 143 Extra"]
[Source "ChessBase"]
[SourceDate "2011.08.29"]
[SourceVersion "1"]
[SourceVersionDate "2011.08.29"]
[SourceQuality "1"]

1. d4 d5 2. c4 c6 3. Nc3 Nf6 4. e3 a6 5. Qc2 b5 6. b3 e6 7. Nf3 Nbd7 8. Bd3 Bd6 9. 0-0 Bb7 10. c5 Bc7 11. e4 b4 12. e5 bxc3 13. exf6 gxf6 14. Re1 h6 15. Nh4 Kf8 16. Qxc3 f5 17. g3 Qf6 18. Nf3 a5 19. a3 Ba6 20. Bxa6 Rxa6 21. b4 Ra8 22. b5 cxb5 23. Rb1 b4 24. Qc2 f4 25. Kg2 Kg7 26. Bd2 fxg3 27. fxg3 Nb8 28. axb4 axb4 29. Rxb4 Nc6 30. Rb7 Qxf3+ 31. Kxf3 Nxd4+ 32. Kg4 Nxc2 33. Rxc7 Nxe1 34. Bxe1 Rhc8 35. Bc3+ Kg6 36. Be5 Ra4+ 0-1

[Event "Vlissingen HZ op 15th"]
[Site "Vlissingen"]
[Date "2011.07.31"]
[Round "3"]
[White "Haak, Eelco"]
[Black "Laarhoven, Thijs"]
[Result "0-1"]
[WhiteElo "2123"]
[BlackElo "2228"]
[PlyCount "108"]
[EventDate "2011.07.30"]
[EventType "swiss"]
[EventRounds "9"]
[EventCountry "NED"]
[SourceTitle "CBM 143 Extra"]
[Source "ChessBase"]
[SourceDate "2011.08.29"]
[SourceVersion "1"]
[SourceVersionDate "2011.08.29"]
[SourceQuality "1"]

1. d4 d5 2. c4 c6 3. g3 Nf6 4. Bg2 Bf5 5. Nc3 e6 6. Nf3 h6 7. 0-0 Nbd7 8. b3 a6 9. Nd2 Qb6 10. e4 Qxd4 11. exf5 Qxc3 12. fxe6 fxe6 13. Rb1 Kf7 14. Re1 Bc5 15. Qe2 Rhe8 16. b4 Ba7 17. Bh3 e5 18. Bb2 Qc2 19. Rec1 Qa4 20. Bxd7 Nxd7 21. cxd5 cxd5 22. Rc7 Bb6 23. Qf3+ Ke7 24. Bxe5 Bxc7 25. Bxc7 Nf6 26. Be5 Qc6 27. Nb3 Kf8 28. Nd4 Qb6 29. Qf5 Kg8 30. Rc1 Re7 31. Kg2 Rae8 32. Bxf6 Qxf6 33. Qxf6 gxf6 34. Nf5 Rd7 35. Nxh6+ Kh7 36. Nf5 d4 37. Kf3 Re5 38. g4 a5 39. bxa5 Rxa5 40. Rc2 Re5 41. Rd2 d3 42. Ne3 Ra5 43. Ke4 Ra4+ 44. Kf5 Kg7 45. Ke6 Rd8 46. Ke7 Raa8 47. Nf5+ Kg6 48. Nd6 Rh8 49. f4 Rh7+ 50. Ke6 Rh3 51. Ne4 Re3 52. Kd5 Re2 53. f5+ Kg7 54. Rxd3 Ra5+ 0-1

[Event "Roosendaal op"]
[Site "Roosendaal"]
[Date "2010.08.28"]
[Round "4"]
[White "Laarhoven, Thijs"]
[Black "Dardha, Arben"]
[Result "0-1"]
[WhiteElo "2223"]
[BlackElo "2290"]
[PlyCount "98"]
[EventDate "2010.08.27"]
[EventType "swiss"]
[EventRounds "6"]
[EventCountry "NED"]
[SourceTitle "CBM 138 Extra"]
[Source "ChessBase"]
[SourceDate "2010.10.29"]
[SourceVersion "1"]
[SourceVersionDate "2010.10.29"]
[SourceQuality "1"]

1. c4 c5 2. g3 g6 3. Bg2 Bg7 4. Nc3 Nc6 5. Nf3 d6 6. 0-0 e5 7. d3 Nge7 8. e4 0-0 9. a3 f5 10. Nd5 h6 11. Rb1 Nxd5 12. cxd5 Nd4 13. Nxd4 cxd4 14. f4 Bd7 15. a4 b5 16. b3 bxa4 17. Ba3 Qb6 18. bxa4 Qa6 19. Qd2 Rfc8 20. Bb4 Rab8 21. a5 Rc7 22. Bxd6 Rxb1 23. Bxc7 Rb3 24. Rd1 exf4 25. gxf4 Qb7 26. Be5 Rb2 27. Qe1 Qb3 28. Bxg7 Qc2 29. Qf1 Kxg7 30. Rc1 Qd2 31. e5 Bb5 32. Rd1 Qe3+ 33. Kh1 Rf2 34. Qe1 Qxf4 35. e6 h5 36. Kg1 Rc2 37. e7 h4 38. h3 Qg5 39. Qf1 Qe3+ 40. Kh1 Qxe7 41. Re1 Qg5 42. Qf3 Bxd3 43. Re5 Be4 44. Qxe4 Rc1+ 45. Qe1 d3 46. Re7+ Kh6 47. Bf1 Rxe1 48. Rxe1 Qg3 49. Ra1 d2 0-1

[Event "Roosendaal op"]
[Site "Roosendaal"]
[Date "2010.08.28"]
[Round "3"]
[White "Peeters, Marloes"]
[Black "Laarhoven, Thijs"]
[Result "0-1"]
[WhiteElo "2027"]
[BlackElo "2223"]
[PlyCount "173"]
[EventDate "2010.08.27"]
[EventType "swiss"]
[EventRounds "6"]
[EventCountry "NED"]
[SourceTitle "CBM 138 Extra"]
[Source "ChessBase"]
[SourceDate "2010.10.29"]
[SourceVersion "1"]
[SourceVersionDate "2010.10.29"]
[SourceQuality "1"]

1. e4 d5 2. exd5 Qxd5 3. Nc3 Qa5 4. d4 c6 5. Nf3 Bf5 6. Bd2 e6 7. Bc4 Nf6 8. a3 Nbd7 9. 0-0 Qc7 10. Re1 Bd6 11. h3 0-0 12. Nh4 Bg6 13. Nxg6 hxg6 14. Be3 a6 15. Qe2 Rac8 16. Bb3 Nd5 17. Ne4 Be7 18. Rad1 Rfd8 19. Bg5 Bxg5 20. Nxg5 N7f6 21. Qf3 Qf4 22. Qxf4 Nxf4 23. g3 N4d5 24. Rd3 Rd7 25. Nf3 Rcd8 26. Ne5 Rc7 27. Kg2 Kf8 28. f4 Ne7 29. g4 Nd7 30. Red1 Ke8 31. Kf3 Nf6 32. R1d2 Nfd5 33. Kg3 Nc8 34. Rd1 Nd6 35. Kf3 Rcc8 36. Nc4 Nxc4 37. Bxc4 Ne7 38. c3 Rd6 39. Bb3 Rcd8 40. Bc2 Kd7 41. R1d2 Rh8 42. Kg3 Kc7 43. Rh2 Nd5 44. Bb3 Nf6 45. Re3 Rd7 46. Kf3 b6 47. Bc2 a5 48. Be4 Rdd8 49. Re1 Rh4 50. Ree2 Rdh8 51. Kg3 Kd6 52. Bf3 R4h7 53. Rd2 Rb8 54. Rde2 b5 55. Rd2 Rhh8 56. Rhe2 Nd5 57. Bxd5 cxd5 58. Kg2 b4 59. axb4 axb4 60. Rc2 Rhc8 61. Re3 b3 62. Rce2 Ra8 63. Rf3 Re8 64. Rff2 Ra1 65. Rf3 Rc1 66. Rfe3 Ra8 67. Rd3 Raa1 68. Kf3 Rab1 69. Rdd2 Rh1 70. Rh2 Rhf1+ 71. Rhf2 Rh1 72. Rh2 Rhc1 73. Rhe2 Kc6 74. Ke3 Kb5 75. Rf2 Re1+ 76. Rfe2 Rxe2+ 77. Rxe2 Kc4 78. Rd2 Rh1 79. Kf3 Rxh3+ 80. Kg2 Rd3 81. Re2 Rd1 82. Kf3 Rf1+ 83. Kg3 Rc1 84. Kf3 Rc2 85. Ke3 Rc1 86. Kf3 Kd3 87. f5 0-1

[Event "Vlissingen HZ op 14th"]
[Site "Vlissingen"]
[Date "2010.08.08"]
[Round "3"]
[White "Van den Doel, Erik"]
[Black "Laarhoven, Thijs"]
[Result "1/2-1/2"]
[WhiteElo "2591"]
[BlackElo "2223"]
[PlyCount "150"]
[EventDate "2010.08.07"]
[EventType "swiss"]
[EventRounds "9"]
[EventCountry "NED"]
[SourceTitle "CBM 137 Extra"]
[Source "ChessBase"]
[SourceDate "2010.09.01"]
[SourceVersion "1"]
[SourceVersionDate "2010.09.01"]
[SourceQuality "1"]

1. e4 d5 2. exd5 Qxd5 3. Nc3 Qa5 4. d4 c6 5. Nf3 Nf6 6. Ne5 Be6 7. Bd3 Nbd7 8. Nxd7 Bxd7 9. 0-0 Bg4 10. Qe1 e6 11. Bf4 Bf5 12. Rd1 Bb4 13. Be5 Bg6 14. Qe2 0-0 15. Bxf6 gxf6 16. Ne4 Be7 17. a3 Rfd8 18. c3 Qh5 19. Qe3 Kh8 20. Rfe1 Rd7 21. b4 Bxe4 22. Bxe4 Bd6 23. g3 a6 24. Bg2 Bc7 25. Rd3 Rad8 26. Red1 Qg5 27. Qf3 Bb6 28. Qe2 Qg7 29. Rf3 Bc7 30. Re1 f5 31. a4 Rc8 32. Rd3 Bb6 33. Rdd1 Qf6 34. Rb1 Qd8 35. Qh5 Qf6 36. Qe2 Rcd8 37. Qf3 Qg7 38. h3 Qg6 39. Qf4 Bc7 40. Qh4 Rg8 41. Kh1 f4 42. g4 Bd8 43. Qh5 Qxh5 44. gxh5 Bh4 45. Re2 Rc8 46. Be4 Bf6 47. Rg1 Rg8 48. Rg4 Rxg4 49. hxg4 h6 50. Kg2 Be7 51. Kf3 Bd6 52. Rb2 Kg7 53. Ke2 Rc7 54. Kd3 e5 55. d5 c5 56. b5 axb5 57. Rxb5 c4+ 58. Ke2 Bc5 59. a5 Kf6 60. d6 Bxd6 61. Bxb7 Bc5 62. a6 Ba7 63. Kf3 Rd7 64. Bd5 Rd6 65. Bxc4 Rxa6 66. Rb7 Ra3 67. Rxf7+ Kg5 68. Bd3 Rxc3 69. Rxa7 Rxd3+ 70. Ke4 Rd2 71. Rg7+ Kh4 72. Kxe5 Rxf2 73. g5 Kxh5 74. gxh6 Kxh6 75. Rg8 Ra2 1/2-1/2

[Event "Maastricht Limburg op-A 4th"]
[Site "Maastricht"]
[Date "2010.05.23"]
[Round "5"]
[White "Schroer, Marcel"]
[Black "Laarhoven, Thijs"]
[Result "1/2-1/2"]
[WhiteElo "2105"]
[BlackElo "2226"]
[PlyCount "95"]
[EventDate "2010.05.21"]
[EventType "swiss"]
[EventRounds "7"]
[EventCountry "NED"]
[SourceTitle "CBM 136 Extra"]
[Source "ChessBase"]
[SourceDate "2010.07.02"]
[SourceVersion "2"]
[SourceVersionDate "2010.07.15"]
[SourceQuality "1"]

1. e4 d5 2. exd5 Qxd5 3. Nc3 Qa5 4. d4 c6 5. Nf3 Nf6 6. Bc4 Bf5 7. Bd2 e6 8. Qe2 Bb4 9. Bb3 Nbd7 10. 0-0-0 0-0-0 11. Ne5 Nxe5 12. dxe5 Ng4 13. Rhe1 h5 14. h3 Nh6 15. a3 Bxc3 16. Bxc3 Qc7 17. Rd6 Rxd6 18. exd6 Qxd6 19. Qe3 Rd8 20. Qxa7 Qf4+ 21. Kb1 f6 22. Qa8+ Qb8 23. Qxb8+ Kxb8 24. Bxe6 Bxe6 25. Rxe6 Rd1+ 26. Ka2 Rg1 27. Re8+ Ka7 28. Bd4+ b6 29. g3 Nf5 30. Bc3 Rg2 31. Re2 Ka6 32. Rd2 Rh2 33. h4 Rg2 34. Kb3 Nh6 35. a4 c5 36. a5 bxa5 37. Kc4 Ng4 38. Rd6+ Kb7 39. f4 Rxc2 40. Rd7+ Kc6 41. Rxg7 Rg2 42. Rh7 Rxg3 43. Rxh5 Ne3+ 44. Kb3 Rf3 45. Bxa5 Ng2+ 46. Bc3 Rxf4 47. Rh6 Rxh4 48. Rxf6+ 1/2-1/2

[Event "Maastricht Limburg op 3rd"]
[Site "Maastricht"]
[Date "2009.06.01"]
[Round "6"]
[White "Laarhoven, Thijs"]
[Black "Dambacher, Martijn"]
[Result "1/2-1/2"]
[WhiteElo "2227"]
[BlackElo "2486"]
[PlyCount "99"]
[EventDate "2009.05.29"]
[EventType "swiss"]
[EventRounds "7"]
[EventCountry "NED"]
[SourceTitle "CBM 130 Extra"]
[Source "ChessBase"]
[SourceDate "2009.07.02"]
[SourceVersion "2"]
[SourceVersionDate "2009.07.15"]
[SourceQuality "1"]

1. e4 c5 2. Nf3 e6 3. d4 cxd4 4. Nxd4 a6 5. Be2 Nf6 6. Nc3 Qc7 7. a3 b5 8. 0-0 Bb7 9. Qd3 d6 10. f4 Nbd7 11. Bf3 g6 12. Kh1 Rc8 13. Bd2 e5 14. Nde2 Bg7 15. Rad1 Nc5 16. Qe3 0-0 17. fxe5 dxe5 18. Bc1 Rfe8 19. Rfe1 Bf8 20. b4 Ncd7 21. Qf2 Qb8 22. Rd3 Rc4 23. Red1 Qc7 24. Qh4 Bg7 25. Bg5 h5 26. Qh3 Nf8 27. Qh4 N8h7 28. Be3 Bf8 29. Qf2 Be7 30. Rf1 Bc6 31. Qg3 a5 32. bxa5 Qxa5 33. Qxe5 Bxa3 34. Qg3 Bxe4 35. Nxe4 Nxe4 36. Bxe4 Rcxe4 37. Nf4 Qc7 38. Rxa3 h4 39. Qf2 Nf6 40. Nd5 Nxd5 41. Ra7 Rf4 42. Bxf4 Qxf4 43. Qg1 Qe5 44. Rfxf7 Ne7 45. Rf3 Nf5 46. Qf1 Qd4 47. Ra1 Qe5 48. Ra7 Qd4 49. Ra1 Qe5 50. Ra7 1/2-1/2

[Event "Dieren op"]
[Site "Dieren"]
[Date "2008.07.23"]
[Round "2"]
[White "Laarhoven, Thijs"]
[Black "Hendriks, Willy"]
[Result "0-1"]
[WhiteElo "2219"]
[BlackElo "2425"]
[PlyCount "60"]
[EventDate "2008.07.22"]
[EventType "swiss"]
[EventRounds "9"]
[EventCountry "NED"]
[SourceTitle "CBM 125 Extra"]
[Source "ChessBase"]
[SourceDate "2008.09.01"]
[SourceVersion "1"]
[SourceVersionDate "2008.09.01"]
[SourceQuality "1"]

1. f4 g6 2. Nf3 Bg7 3. e4 d5 4. e5 c5 5. c3 Nc6 6. d4 cxd4 7. Nxd4 Nh6 8. Be2 0-0 9. Be3 f6 10. exf6 Bxf6 11. Bf3 e6 12. 0-0 Bd7 13. Qd2 Nxd4 14. Bxd4 Bxd4+ 15. Qxd4 Nf5 16. Qf2 Nh4 17. Bg4 e5 18. Bxd7 Rxf4 19. Qe1 Rxf1+ 20. Kxf1 Qxd7 21. Qxh4 Qb5+ 22. Kg1 Qxb2 23. Qf2 Qxa1 24. Qc2 Rf8 25. Qb3 Rf7 26. h3 d4 27. Kh2 dxc3 28. Nxc3 Kg7 29. Ne4 Qd4 30. Qc2 h5 0-1

[Event "Maastricht Limburg op"]
[Site "Maastricht"]
[Date "2008.05.10"]
[Round "2"]
[White "Laarhoven, Thijs"]
[Black "Wlogalski, Olivier"]
[Result "1-0"]
[WhiteElo "2194"]
[BlackElo "1948"]
[PlyCount "93"]
[EventDate "2008.05.09"]
[EventType "swiss"]
[EventRounds "7"]
[EventCountry "NED"]
[SourceTitle "EXT 2009"]
[Source "ChessBase"]
[SourceDate "2008.11.26"]
[SourceVersion "1"]
[SourceVersionDate "2008.11.26"]
[SourceQuality "1"]

1. f4 d5 2. Nf3 Bg4 3. e3 Nf6 4. b3 Nbd7 5. Bb2 c6 6. h3 Bxf3 7. Qxf3 Qc7 8. Be2 e5 9. fxe5 Nxe5 10. Qf5 Bd6 11. Nc3 0-0 12. 0-0-0 Rae8 13. g4 Ng6 14. h4 Qd7 15. Nxd5 Qxf5 16. gxf5 Nxd5 17. fxg6 fxg6 18. Bc4 Kh8 19. Rdg1 Be5 20. Bxd5 Bxb2+ 21. Kxb2 cxd5 22. Rg4 Re4 23. Rhg1 Rf5 24. Kc3 Re6 25. Kd3 Kg8 26. Ra4 a6 27. Rb4 b5 28. a4 bxa4 29. Rxa4 Kf7 30. Rga1 Rff6 31. Rd4 Rd6 32. Ra5 Rf5 33. Rda4 Rff6 34. c3 h6 35. Rd4 Rf5 36. Rda4 Rff6 37. Ke2 g5 38. hxg5 hxg5 39. c4 dxc4 40. bxc4 Kg6 41. c5 Rde6 42. d4 Kh5 43. d5 Re5 44. c6 Rf8 45. d6 Re6 46. Rd5 Rfe8 47. Ra3 1-0

[Event "NED-ch U21"]
[Site "Venlo"]
[Date "2008.05.03"]
[Round "9"]
[White "Laarhoven, Thijs"]
[Black "Kuling, Lody"]
[Result "1/2-1/2"]
[WhiteElo "2194"]
[BlackElo "2192"]
[PlyCount "96"]
[EventDate "2008.04.25"]
[EventType "swiss"]
[EventRounds "9"]
[EventCountry "NED"]
[SourceTitle "CBM 123 Extra"]
[Source "ChessBase"]
[SourceDate "2008.05.06"]
[SourceVersion "1"]
[SourceVersionDate "2008.05.06"]
[SourceQuality "1"]

1. e4 c5 2. Nf3 d6 3. d4 cxd4 4. Nxd4 Nf6 5. Nc3 a6 6. Bg5 Nbd7 7. f4 Qc7 8. Qf3 h6 9. Bh4 e5 10. Nf5 exf4 11. Bxf6 Nxf6 12. Qxf4 Bxf5 13. Qxf5 Qc5 14. 0-0-0 Be7 15. Be2 Rc8 16. Rd3 0-0 17. Rf1 b5 18. Qxc5 Rxc5 19. Nd5 Nxd5 20. Rxd5 Bg5+ 21. Kb1 Rxd5 22. exd5 Re8 23. Bf3 b4 24. Rd1 a5 25. Rd4 Re1+ 26. Rd1 Re3 27. Rd3 Rxd3 28. cxd3 Bf4 29. h3 g6 30. Kc2 Be5 31. Kb3 Kg7 32. a3 Kf6 33. axb4 axb4 34. Kxb4 Bxb2 35. Kb3 Bd4 36. Kc2 Ke5 37. Kd2 Kf4 38. Ke2 h5 39. Kd2 f5 40. Ke2 h4 41. Kf1 Kg3 42. Bd1 Kf4 43. Ba4 g5 44. Bd7 g4 45. Be6 Bc5 46. Bd7 Kg5 47. Be6 Kf4 48. Bd7 Kg5 1/2-1/2

[Event "NED-ch U21"]
[Site "Venlo"]
[Date "2008.04.27"]
[Round "3"]
[White "Kleijn, Christov"]
[Black "Laarhoven, Thijs"]
[Result "1/2-1/2"]
[WhiteElo "2198"]
[BlackElo "2194"]
[PlyCount "79"]
[EventDate "2008.04.25"]
[EventType "swiss"]
[EventRounds "9"]
[EventCountry "NED"]
[SourceTitle "CBM 123 Extra"]
[Source "ChessBase"]
[SourceDate "2008.05.06"]
[SourceVersion "1"]
[SourceVersionDate "2008.05.06"]
[SourceQuality "1"]

1. e4 d5 2. exd5 Qxd5 3. Nc3 Qa5 4. d4 Nf6 5. Bd2 c6 6. Bc4 Bf5 7. Nd5 Qd8 8. Nxf6+ gxf6 9. Nf3 Rg8 10. c3 Qc7 11. Nh4 Bg6 12. Qf3 Nd7 13. Bf4 Qa5 14. 0-0 e6 15. Rfe1 Be7 16. g3 Nb6 17. Bc7 Qh5 18. Qxh5 Bxh5 19. Bxb6 axb6 20. f4 f5 21. Ng2 b5 22. Bd3 Rd8 23. a3 Kf8 24. b4 Bf6 25. a4 bxa4 26. Rxa4 Kg7 27. Be2 Bxe2 28. Rxe2 Rd7 29. Ne1 Rc8 30. Nd3 Rd5 31. Kg2 Rc7 32. Ra8 Rd8 33. Rea2 Rxa8 34. Rxa8 Be7 35. Rb8 Bd6 36. Nb2 Rd7 37. Rc8 Bxb4 38. cxb4 Rxd4 39. Kh3 b5 40. Rxc6 1/2-1/2

[Event "Dieren op"]
[Site "Dieren"]
[Date "2007.07.30"]
[Round "6"]
[White "Laarhoven, Thijs"]
[Black "Burg, Twan"]
[Result "1/2-1/2"]
[WhiteElo "2143"]
[BlackElo "2301"]
[PlyCount "98"]
[EventDate "2007.07.24"]
[EventType "swiss"]
[EventRounds "9"]
[EventCountry "NED"]
[SourceTitle "CBM 119 Extra"]
[Source "ChessBase"]
[SourceDate "2007.09.04"]
[SourceVersion "1"]
[SourceVersionDate "2007.09.04"]
[SourceQuality "1"]

1. d4 Nf6 2. c4 g6 3. Nc3 Bg7 4. e4 d6 5. Nf3 0-0 6. Be2 e5 7. dxe5 dxe5 8. Qxd8 Rxd8 9. Bg5 Re8 10. Nd5 Nxd5 11. cxd5 c6 12. Bc4 cxd5 13. Bxd5 Nd7 14. Nd2 Nc5 15. 0-0-0 Be6 16. Bxe6 Nxe6 17. Be3 Nf4 18. Bxf4 exf4 19. f3 Re6 20. Kb1 Rb6 21. b3 a5 22. a4 Rb4 23. Rc1 b5 24. axb5 a4 25. Rc5 Bd4 26. Rc6 axb3 27. Ra6 Rxa6 28. bxa6 b2 29. Kc2 Ra4 30. Rb1 Bg7 31. a7 h5 32. a8Q+ Rxa8 33. Nc4 Rc8 34. Kd3 Kh7 35. e5 Rc5 36. Rxb2 Bxe5 37. Nxe5 Rxe5 38. Rb4 g5 39. Re4 Rxe4 40. Kxe4 Kg6 41. Ke5 f6+ 42. Ke4 Kg7 43. h3 Kg6 44. Kd5 Kg7 45. Kd6 Kh6 46. Kd5 Kh7 47. Kd6 Kh6 48. Kd5 Kh7 49. Kd6 Kh6 1/2-1/2